000 00514nam a2200145 4500
082 _aBESE-3 HUS
100 _aMUHAMMAD HUSSAIN RANA
245 _aiCATARACT Cataract analysis through smartphone assisted device
260 _aISLAMABAD
_b NUST-SEECS
_c2016
300 _a35p.
_eCD INCLUDES
856 _uhttp://10.250.8.41:8080/xmlui/handle/123456789/6850
942 _2ddc
_cTHE
999 _c173234
_d173234